000 00586nam a2200193Ia 4500
003 GCL
008 140319s9999 xx 000 0 ara d
040 _aGCL /
_cGCL
082 0 4 _a332.1
_bن ن
100 1 _aناظم محمد نورى الشمرى
245 1 0 _aالنقود والمصارف /
_cناظم محمد نورى الشمرى
300 _a360 ص
490 _aسلسلة الكتب المالية والمصرفية
_v0
650 0 4 _aالاقتصاد
650 0 4 _aالنقود
650 0 4 _aالاوراق المالية
650 0 4 _aالبنوك
942 _2ddc
_cBK
999 _c52336
_d52336